| 000 | 00871nam a2200217Ia 4500 | ||
|---|---|---|---|
| 999 |
_c40231 _d40231 |
||
| 001 | 6839 | ||
| 003 | GE_BSU | ||
| 005 | 20200123170741.0 | ||
| 008 | 181216s1993||||g |||||||||||||| ||geo|| | ||
| 040 | _cGE_BSU | ||
| 041 | _ageo | ||
| 080 | _a821.353.1-311 გ-62 | ||
| 100 |
_aგოთუა, ლევან. _92050 |
||
| 245 |
_aგმირთა ვარამი. წიგნი მესამე : _bრომანი ოთხ წიგნად / _cლევან გოთუა ; რედ. ლამარა თურმანიძე. |
||
| 264 |
_aთბილისი : _bმერანი, _c1993. |
||
| 300 |
_a445 გვ. ; _c21 სმ. |
||
| 653 | _aგმირთა ვარამი | ||
| 653 | _aრომანი | ||
| 700 |
_aთურმანიძე, ლამარა _eრედაქტორი _96350 |
||
| 942 |
_cBK _2udc |
||